000 00336nam a2200133Ia 4500
008 240624s9999 xx 000 0 und d
041 _aeng
082 _a006.312 BER
100 _aBERRY MICHAEL J A
245 _aMASTERING DATA MINING THE ART AND SCIENC
260 _c2003
_aNew York
_bJohn Wiley
300 _axviii, : 494
365 _cRS
999 _c1248
_d1248